| Tag |
First Indicator |
Second Indicator |
Subfields |
| LEADER |
00000cam a2200000 a 4500 |
| 001 |
in00000010050 |
| 005 |
20151006060024.0 |
| 008 |
860909s1987 nbuabf b s00110beng |
| 010 |
|
|
|a 86024914
|
| 020 |
|
|
|a 0803241739 (alk. paper)
|
| 035 |
|
|
|a (OCoLC)14273410
|
| 035 |
|
|
|9 AAA2240AM
|
| 040 |
|
|
|a DLC
|c DLC
|d TXA
|d UtOrBLW
|
| 049 |
|
|
|a TXAM
|c [A12564766]
|
| 050 |
0 |
0 |
|a E99.M68
|b J667 1987
|
| 082 |
0 |
|
|a 971/.00497
|a B
|2 19
|
| 100 |
1 |
|
|a Smith, Donald B.
|
| 245 |
1 |
0 |
|a Sacred feathers :
|b the Reverend Peter Jones (Kahkewaquonaby) & the Mississauga Indians /
|c by Donald B. Smith.
|
| 264 |
|
1 |
|a Lincoln :
|b University of Nebraska Press,
|c [1987]
|
| 264 |
|
4 |
|c ©1987
|
| 300 |
|
|
|a xix, 372 pages, 24 unnumbered pages of plates :
|b illustrations, maps ;
|c 22 cm.
|
| 336 |
|
|
|a text
|b txt
|2 rdacontent
|
| 337 |
|
|
|a unmediated
|b n
|2 rdamedia
|
| 338 |
|
|
|a volume
|b nc
|2 rdacarrier
|
| 490 |
1 |
|
|a American Indian lives
|
| 504 |
|
|
|a Bibliography: pages [339]-360.
|
| 500 |
|
|
|a Includes index.
|
| 600 |
1 |
0 |
|a Jones, Peter,
|d 1802-1856.
|
| 650 |
|
0 |
|a Missisauga Indians
|x Biography.
|
| 650 |
|
0 |
|a Indians of North America
|z Canada
|v Biography.
|
| 830 |
|
0 |
|a American Indian lives.
|
| 999 |
|
|
|a MARS
|
| 999 |
f |
f |
|s 12ce968d-3602-3ff5-b5a3-39772c94dbb4
|i 0eccc580-4e45-3d3d-9750-c2442e52e40d
|t 0
|
| 952 |
f |
f |
|p normal
|a Texas A&M University
|b College Station
|c Sterling C. Evans Library
|d Evans: Library Stacks
|t 0
|e E99.M68 J667 1987
|h Library of Congress classification
|i unmediated -- volume
|m A14812564766
|
| 998 |
f |
f |
|a E99.M68 J667 1987
|t 0
|l Evans: Library Stacks
|